Household food insecurity, diabetes and hypertension among mexican adults: results from ensanut 2012 /
Guardat en:
| Autor principal: | |
|---|---|
| Altres autors: | , , |
| Format: | Text |
| Etiquetes: |
Afegir etiqueta
Sense etiquetes, Sigues el primer a etiquetar aquest registre!
|
MARC
| LEADER | 00000 a a2200000 04500 | ||
|---|---|---|---|
| 001 | 48911 | ||
| 003 | |||
| 040 | |||
| 100 | |a Pérez-Escamilla, Rafael | ||
| 245 | |a Household food insecurity, diabetes and hypertension among mexican adults: |b results from ensanut 2012 / |c Rafael Pérez-Escamilla, Salvador Villalpando, Teresa Shamah-Levy, Ignacio Méndez-Gómez Humarán | ||
| 700 | |a Villalpando, Salvador | ||
| 700 | |a Shamah-Levy, Teresa | ||
| 700 | |a Méndez-Gómez Humarán, Ignacio | ||
| 773 | |g volumen 56, supl. 1, páginas s62-s70 : tablas | ||
| 999 | |c 26423 |d 26423 | ||
